Geography starting in G, with second letters A-Z - Statistics

General Stats
  • This quiz has been taken 23 times
  • The average score is 9 of 26
Answer Stats
2nd letter Clue Answer starting with G % Correct
A African river which a country is named after (6) Gambia
95%
H An African nation (5) Ghana
95%
D Polish city, formerly a Prussian port called Danzig (6) Gdansk
86%
E Country which is republican to many (7) Germany
76%
L The hometown of Scottish maniac Groundskeeper Willie (7) Glasgow
71%
R Land of great thinkers (6) Greece
71%
O Swedish city with a UEFA Cup-winning football team (10) Gothenburg
67%
I The gate into the capital of Burundi (6) Gitega
57%
U Old coin found in West Africa (6) Guinea
52%
S Thanks for the commercial, very rich town in Switzerland (6) Gstaad
33%
W Welsh county where Paltrow might be found (7) Gwynedd
29%
Y Tasty food at the centre of arid Armenian city (6) Gyumri
19%
C S. African river and dam studied by University of Western Australia (5) Gcuwa
14%
M Armenian village that it's worth staking money on (5) Gmbet’
14%
Q Un-memorisable name which some now call Port Elizabeth (8) Gqeberha
14%
B Barn from U.S. state of Georgia set up in Liberian city (7) Gbarnga
10%
F Austrian village where young horse is heard (6) Gfoehl
10%
G Criminal mob united in district of Kampala (6) Ggangu
10%
K Australian lake containing first underwater version of Los Angeles (5) Gkula
10%
N Polish city that is an axis, no conclusion (7) Gniezno
10%
P Sierra Leone hamlet where, in the morning, Britain strikes gold - but a barbarian gets the last word (12) Gpamgbauahun
10%
T Meter, not metre, is key to Moroccan town (6) Gteter
10%
V Norwegian village where larva sheds its cocoon (5) Gvarv
10%
Z The Devil's lair, not large, is in this Russian town (5) Gzhel’
10%
X From S. African river, exhaling, he disappears to Spain with rap group (11) Gxalingenwa
5%
J Jake torn apart by hollow victory against city of Kosovo (7) Gjakovë
0%
No matching quizzes found
Score Distribution
Percent of People with Each Score
Percentile by Number Answered
Your Score History
You have not taken this quiz